Biological monitoring : Signals from the environment
Сохранить в:
| Формат: | |
|---|---|
| Язык: | Undetermined |
| Опубликовано: |
Braunschweig
Vieweg
1991
|
| Предметы: | |
| Метки: |
Добавить метку
Нет меток, Требуется 1-ая метка записи!
|
| Thư viện lưu trữ: | Trung tâm Học liệu Trường Đại học Cần Thơ |
|---|
| LEADER | 00580nam a2200181Ia 4500 | ||
|---|---|---|---|
| 001 | CTU_150086 | ||
| 008 | 210402s9999 xx 000 0 und d | ||
| 082 | |a 570 | ||
| 082 | |b B615 | ||
| 245 | 0 | |a Biological monitoring : | |
| 245 | 0 | |b Signals from the environment | |
| 245 | 0 | |c Hermann Ellenberg [et al.] ; Translated from German by Gregory Woods-Schank | |
| 260 | |a Braunschweig | ||
| 260 | |b Vieweg | ||
| 260 | |c 1991 | ||
| 650 | |a Indicators (Biology),Biological monitoring,Environmental auditing | ||
| 904 | |i Giang | ||
| 980 | |a Trung tâm Học liệu Trường Đại học Cần Thơ | ||